[Event "Outaouais-ch"]
[Site "Hull"]
[Date "1995.05.14"]
[Round "5"]
[White "Renaud, Rija"]
[Black "Maisonneuve, Paul"]
[Result "1-0"]
[WhiteElo "1595"]
[BlackElo "1495"]
[PlyCount "39"]
[EventDate "1995.04.16"]
[EventType "tourn"]
[EventRounds "7"]
[EventCountry "CAN"]
[SourceTitle "EXT 2022"]
[Source "ChessBase"]
[SourceDate "2021.10.06"]
[SourceVersion "1"]
[SourceVersionDate "2021.10.06"]
[SourceQuality "1"]

1. e4 d6 2. d4 Nf6 3. Nc3 c6 4. Nf3 Bg4 5. h3 Bh5 6. Bd3 e6 7. g4 Bg6 8. Qe2 d5 9. e5 Bxd3 10. Qxd3 Nfd7 11. Ng5 c5 12. f4 cxd4 13. Ne2 h6 14. Nxe6 Bb4+ 15. c3 Bxc3+ 16. bxc3 fxe6 17. Qg6+ Kf8 18. Nxd4 Nc5 19. Nxe6+ Nxe6 20. Qxe6 1-0

[Event "Outaouais-ch"]
[Site "Hull"]
[Date "1995.05.07"]
[Round "4"]
[White "Cote, Jacques"]
[Black "Renaud, Rija"]
[Result "1-0"]
[WhiteElo "1999"]
[BlackElo "1595"]
[PlyCount "91"]
[EventDate "1995.04.16"]
[EventType "tourn"]
[EventRounds "7"]
[EventCountry "CAN"]
[SourceTitle "EXT 2022"]
[Source "ChessBase"]
[SourceDate "2021.10.06"]
[SourceVersion "1"]
[SourceVersionDate "2021.10.06"]
[SourceQuality "1"]

1. e4 e5 2. Nf3 Nc6 3. Bc4 d6 4. d4 Bg4 5. c3 Qd7 6. Bd3 Nf6 7. d5 Nd8 8. Be3 Be7 9. c4 0-0 10. h3 Bh5 11. Nbd2 Bg6 12. g4 c6 13. Nh4 Bxe4 14. Bxe4 Nxe4 15. Nxe4 Bxh4 16. g5 f5 17. Qh5 fxe4 18. Qxh4 cxd5 19. cxd5 Qf5 20. Rc1 Rc8 21. Rxc8 Qxc8 22. Qxe4 b6 23. Qa4 Qf5 24. Kd2 Qf3 25. Rd1 Qxd5+ 26. Kc1 Qb7 27. Qc4+ Nf7 28. Kb1 Qd7 29. h4 Rd8 30. Qd5 Qg4 31. Rc1 Qf5+ 32. Ka1 Rc8 33. Rxc8+ Qxc8 34. h5 g6 35. h6 Kf8 36. a3 Qd8 37. f4 exf4 38. Bxf4 Qd7 39. Qd4 b5 40. Qg7+ Ke8 41. Qxh7 Qf5 42. Qg8+ Ke7 43. h7 Qd3 44. h8Q Qf1+ 45. Ka2 Qc4+ 46. b3 1-0

[Event "Outaouais-ch"]
[Site "Hull"]
[Date "1995.04.30"]
[Round "3"]
[White "Renaud, Rija"]
[Black "Jobin, Gilles G"]
[Result "1-0"]
[WhiteElo "1595"]
[BlackElo "1867"]
[PlyCount "83"]
[EventDate "1995.04.16"]
[EventType "tourn"]
[EventRounds "7"]
[EventCountry "CAN"]
[SourceTitle "EXT 2022"]
[Source "ChessBase"]
[SourceDate "2021.10.06"]
[SourceVersion "1"]
[SourceVersionDate "2021.10.06"]
[SourceQuality "1"]

1. e4 e6 2. d4 d5 3. e5 c5 4. Qg4 cxd4 5. Nf3 f5 6. Qg3 Nc6 7. Bd3 Bd7 8. a3 Nge7 9. 0-0 Rc8 10. b4 a6 11. Bd2 Qb6 12. Ra2 Nd8 13. Rb2 Bb5 14. Bg5 Bxd3 15. cxd3 Nf7 16. h4 Nc6 17. Rc1 Kd7 18. Nbd2 a5 19. b5 Na7 20. Rxc8 Nxc8 21. a4 Qc7 22. Rb1 Qc3 23. Ne1 h6 24. Bf4 g5 25. hxg5 hxg5 26. Bxg5 Rg8 27. Ndf3 Be7 28. Bd2 Rxg3 29. Bxc3 Rxf3 30. Bd2 Rxf2 31. Kxf2 Nxe5 32. Bxa5 Bg5 33. Ke2 Ng4 34. Bd2 Bxd2 35. Kxd2 Nb6 36. a5 Na4 37. a6 Nb6 38. a7 Na8 39. Nf3 b6 40. Nxd4 Ne5 41. Rc1 Kd6 42. Rc8 1-0